El final de la novela: teoría, técnica y análisis del cierre en la literatura moderna en lengua española
Gespeichert in:
| 1. Verfasser: | |
|---|---|
| Format: | Buch |
| Sprache: | Spanisch |
| Veröffentlicht: |
Madrid
Gredos
1997
|
| Schriftenreihe: | Biblioteca Románica Hispánica, 399
|
| Schlagworte: | |
| Tags: |
Tag hinzufügen
Keine Tags, Fügen Sie den ersten Tag hinzu!
|
MARC
| LEADER | 00000nam a2200000 a 4500 | ||
|---|---|---|---|
| 001 | UCS5593 | ||
| 003 | CL-VaPUC | ||
| 008 | 970906e19970000SP |||||||||||||||||spa|d | ||
| 082 | 0 | 4 | |a 863.09 |b KUN |2 21 |
| 100 | 0 | |a Kunz, Marco |e author |9 391335 | |
| 245 | 1 | 3 | |a El final de la novela: teoría, técnica y análisis del cierre en la literatura moderna en lengua española |
| 300 | |a 430 p | ||
| 942 | |c BK | ||
| 945 | |d 19970906 00:00:00 |a jquezada | ||
| 260 | |a Madrid |b Gredos |c 1997 | ||
| 650 | 7 | |a NOVELA ESPAÑOLA |2 CL-VaPUC |9 313139 | |
| 650 | 0 | |a Historia y crítica |9 257407 | |
| 650 | 0 | |a Crítica literaria |9 269189 | |
| 583 | |a last modification |c 19970906 00:00:00 |k Rodrigo Vera | ||
| 490 | 0 | |a Biblioteca Románica Hispánica, 399 | |
| 999 | |c 261966 |d 261964 | ||
| 952 | |0 0 |1 0 |4 0 |6 863_090000000000000_KUN_1997 |7 0 |8 A |9 290042 |a BIBEDU |b BIBEDU |d 2019-11-19 |i 3339068 |o 863.09 KUN 1997 |p 3339068 |r 2019-11-19 |w 2019-11-19 |y BK |k LIT | ||
| 952 | |0 0 |1 0 |4 0 |6 863_090000000000000_KUN_1997 |7 0 |8 A |9 290043 |a FDOPOS |b FDOPOS |d 2019-11-19 |i 3410331 |o 863.09 KUN 1997 |p 3410331 |r 2025-01-22 |w 2019-11-19 |y BK |k MLH | ||